Mark II reading laboratory 2b / (Record no. 366174)
[ view plain ]
| 000 -LEADER | |
|---|---|
| fixed length control field | 00558nam a22001937a 4500 |
| 003 - CONTROL NUMBER IDENTIFIER | |
| control field | 0 |
| 005 - DATE AND TIME OF LATEST TRANSACTION | |
| control field | 20240910084754.0 |
| 008 - FIXED-LENGTH DATA ELEMENTS--GENERAL INFORMATION | |
| fixed length control field | 240904b xxu||||| |||| 00| 0 eng d |
| 020 ## - INTERNATIONAL STANDARD BOOK NUMBER | |
| International Standard Book Number | 971-116-208-3 |
| 050 ## - LIBRARY OF CONGRESS CALL NUMBER | |
| Classification number | LB 1537 |
| Item number | .P238m 2024 |
| 100 ## - MAIN ENTRY--PERSONAL NAME | |
| Personal name | Parker, Don H. |
| 245 ## - TITLE STATEMENT | |
| Title | Mark II reading laboratory 2b / |
| Statement of responsibility, etc | Don H. Parker. |
| 260 ## - PUBLICATION, DISTRIBUTION, ETC. (IMPRINT) | |
| Place of publication, distribution, etc | Quezon City : |
| Name of publisher, distributor, etc | Abiva Publishing House, Inc., |
| Date of publication, distribution, etc | 2024. |
| 300 ## - PHYSICAL DESCRIPTION | |
| Extent | 108 p. ; |
| Dimensions | 25 cm. |
| 440 ## - SERIES STATEMENT/ADDED ENTRY--TITLE | |
| Title | Student Record Book |
| 650 ## - SUBJECT ADDED ENTRY--TOPICAL TERM | |
| Topical term or geographic name as entry element | Reading (Elementary) |
| 710 ## - ADDED ENTRY--CORPORATE NAME | |
| Corporate name or jurisdiction name as entry element | Science Research Associates. |
| 942 ## - ADDED ENTRY ELEMENTS (KOHA) | |
| Source of classification or shelving scheme | Library of Congress Classification |
| Koha item type | Books |
| Withdrawn status | Lost status | Source of classification or shelving scheme | Damaged status | Home library | Current library | Shelving location | Date acquired | Source of acquisition | Total Checkouts | Full call number | Barcode | Date last seen | Copy number | Price effective from | Koha item type |
|---|---|---|---|---|---|---|---|---|---|---|---|---|---|---|---|
| Library of Congress Classification | Luxembourg Library | Luxembourg Library | Teachers Reference Section | 09/04/2024 | Library Fund | LB 1537 .P238m 2024 | 21216 | 09/04/2024 | 1 | 09/04/2024 | Books | ||||
| Library of Congress Classification | Luxembourg Library | Luxembourg Library | Teachers Reference Section | 09/04/2024 | Library Fund | LB 1537 .P238m 2024 | 21217 | 09/04/2024 | 2 | 09/04/2024 | Books | ||||
| Library of Congress Classification | Luxembourg Library | Luxembourg Library | Teachers Reference Section | 09/04/2024 | Library Fund | LB 1537 .P238m 2024 | 21218 | 09/04/2024 | 3 | 09/04/2024 | Books | ||||
| Library of Congress Classification | Luxembourg Library | Luxembourg Library | Teachers Reference Section | 09/04/2024 | Library Fund | LB 1537 .P238m 2024 | 21219 | 09/04/2024 | 4 | 09/04/2024 | Books | ||||
| Library of Congress Classification | Luxembourg Library | Luxembourg Library | Teachers Reference Section | 09/04/2024 | Library Fund | LB 1537 .P238m 2024 | 21220 | 09/04/2024 | 5 | 09/04/2024 | Books |